Die koptischen Textilien im Museum Kunst Palast Düsseldorf : T.1.Wirkereien mit figurlichen motiven /

محفوظ في:

المؤلف الرئيسي: Brune, Karl-Heinz (مؤلف)

مؤلفون آخرون: Hodak, Suzana.

التنسيق: كتاب

اللغة: German

سلاسل: Sprachen und kulturen des christlichen orients ; 13.1
SKCO ; 13.1

الموضوعات:

الوسوم: إضافة وسم

لا توجد وسوم, كن أول من يضع وسما على هذه التسجيلة!

رقم الطلب: NK8988.3 .A1 B78 v.1

LEADER 01466namaa2200313 4500
003 OSt
005 20250311085630.0
008 130303s2004 gw a g b 000 0 ger d
020 |a 3895003972 
040 |c ARCE Library 
043 |a f-ua---  |a e-gx--- 
050 0 4 |a NK8988.3 .A1 B78 v.1 
100 1 |a Brune, Karl-Heinz,  |e author  |9 27422 
245 1 4 |a Die koptischen Textilien im Museum Kunst Palast Düsseldorf :  |b T.1.Wirkereien mit figurlichen motiven /  |c Karl-Heinz Brune ; Suzana Hodak. 
264 1 |a Wiesbaden :  |b Richert,  |c 2004. 
300 |a 279 pages, 31 pages di tav :  |b illustrations en noir et en couleur ;  |c 25 cm. 
490 1 |a Sprachen und kulturen des christlichen orients ;  |v 13.1 
490 1 |a SKCO ;   |v 13.1 
500 |a Volume 1 includes 1 CD-ROM (4 3/4 in) 
504 |a Bibliography : pages 264-279. 
505 0 |g T. 1. Wirkereien mit figürlichen Motiven / von Karl-Heinz Brune ; technische Analyse, Gerda Koppatz und Laura Petzold -- T. 2. Figürliche und ornamentale Purpur- und Buntwirkereien / von Suzana Hodak ; technische Analyse, Bigna Ludwig und Gabriele Schrade. Textband und Tafelband. 
610 2 0 |a Museum Kunst Palast (Düsseldorf, Germany)  |v Catalogs. 
650 0 |a Coptic textile fabrics  |v Catalogs. 
650 0 |a Textile fabrics  |z Germany  |z Düsseldorf  |v Catalogs. 
700 1 |a Hodak, Suzana.  |9 32131 
830 0 |a Sprachen und kulturen des christlichen orients ;  |v 13.1 
830 0 |a SKCO ;   |v 13.1 
942 |c BK  |2 lcc 
999 |c 1254  |d 1254